[Event "Women's Speed Chess Q7"]
[Site "chess.com INT"]
[Date "2021.06.06"]
[Round "10"]
[White "Varshini, V"]
[Black "Kazarian, Anna-Maja"]
[Result "0-1"]
[WhiteTitle "WGM"]
[BlackTitle "FM"]
[WhiteElo "2226"]
[BlackElo "2096"]
[WhiteFideId "5091241"]
[BlackFideId "1033689"]
[EventDate "2021.06.06"]

1. e4 e6 2. d4 d5 3. e5 c5 4. c3 Nc6 5. Nf3 Qb6 6. a3 Bd7 7. b4 cxd4 8. cxd4
Nge7 9. Be2 Nf5 10. Bb2 a5 11. b5 Na7 12. a4 Bb4+ 13. Nbd2 Rc8 14. O-O O-O 15.
Nb3 Rc7 16. Qd3 Rfc8 17. Rac1 Rxc1 18. Rxc1 Rxc1+ 19. Bxc1 Qc7 20. Bb2 Nc8 21.
h3 Nb6 22. Nfd2 Nxa4 23. Ba1 Bc3 24. Bxc3 Qxc3 25. g4 Ne7 26. Bf1 Qxd3 27. Bxd3
b6 28. Nb1 Nc8 29. Na3 Nc3 30. Kf1 Na7 31. Nxa5 bxa5 32. b6 Nc6 33. b7 Nb8 34.
Ke1 Bc6 35. Kd2 Na4 36. Bb5 Bxb5 37. Nxb5 Kf8 38. Nd6 Ke7 39. Kc2 Nb6 40. Kb3 f6
41. Nc8+ Kd7 42. Nxb6+ Kc6 43. Nc8 Kxb7 44. Ne7 fxe5 45. dxe5 Nd7 46. Ng8 Nxe5
47. f4 Ng6 48. f5 exf5 49. gxf5 Nf4 50. Ne7 Kb6 51. h4 Kc5 52. Ka4 d4 53. Kb3 d3
54. Kc3 a4 55. Nc8 a3 56. f6 gxf6 0-1

[Event "Women's Speed Chess Q7"]
[Site "chess.com INT"]
[Date "2021.06.06"]
[Round "10"]
[White "Mendoza, Shania Mae"]
[Black "Vantika, Agrawal"]
[Result "1-0"]
[WhiteTitle "WFM"]
[BlackTitle "WIM"]
[WhiteElo "2158"]
[BlackElo "2286"]
[WhiteFideId "5211158"]
[BlackFideId "25050389"]
[EventDate "2021.06.06"]

1. e4 c5 2. Nf3 d6 3. g3 Nc6 4. Bg2 e5 5. h3 g6 6. O-O Bg7 7. Re1 Nge7 8. c3 O-O
9. Na3 h6 10. Nc2 f5 11. d4 fxe4 12. Rxe4 d5 13. Re1 e4 14. Nh2 cxd4 15. Nxd4
Nxd4 16. cxd4 Nf5 17. Be3 h5 18. Qd2 Be6 19. Nf1 Qd7 20. h4 Kh7 21. Rac1 Rf7 22.
Rc2 Raf8 23. Rec1 Nxe3 24. Qxe3 Bh6 25. Qe1 Bxc1 26. Qxc1 Bh3 27. Ne3 Bxg2 28.
Kxg2 Qd6 29. Qe1 b6 30. a3 Qf6 31. Rd2 Qf3+ 32. Kh2 Rd8 33. Qe2 Qxe2 34. Rxe2
Rc7 35. Ng2 Kg7 36. Nf4 Kf6 37. Kg2 Rd6 38. f3 exf3+ 39. Kxf3 Re7 40. Rf2 Kg7
41. Kg2 Re4 42. Rd2 Rc6 43. Nxd5 Rd6 44. Nf4 Kh6 45. d5 g5 46. hxg5+ Kxg5 47.
Kf3 Re8 48. Ne6+ Kg6 49. Nf4+ Kh6 50. Rh2 Re5 51. g4 Kg7 52. gxh5 Kh6 53. Rg2
Rf6 54. Rg6+ Rxg6 55. hxg6 Kg7 56. Kg4 Re4 57. Kf5 Rd4 58. Ke5 Rd2 59. d6 Rxb2
60. d7 Rd2 61. Nd5 Re2+ 62. Kd6 Kxg6 63. d8=Q 1-0

[Event "Women's Speed Chess Q7"]
[Site "chess.com INT"]
[Date "2021.06.06"]
[Round "10"]
[White "Buksa, Nataliya"]
[Black "Avramidou, Anastasia"]
[Result "1-0"]
[WhiteTitle "IM"]
[BlackTitle "FM"]
[WhiteElo "2413"]
[BlackElo "2238"]
[WhiteFideId "14123622"]
[BlackFideId "4239873"]
[EventDate "2021.06.06"]

1. e4 g6 2. d4 Bg7 3. Nc3 c6 4. h3 d5 5. Nf3 dxe4 6. Nxe4 Nf6 7. Nxf6+ Bxf6 8.
c3 O-O 9. Bd3 Bg7 10. O-O c5 11. dxc5 Nd7 12. Be3 Qc7 13. Qc1 Nxc5 14. Bc2 e5
15. Bh6 e4 16. Bxg7 Kxg7 17. Nd4 Re8 18. Re1 Bd7 19. Qg5 h6 20. Qe3 Rad8 21.
Rad1 Bc8 22. b4 Nd7 23. Nb5 Qb6 24. Nd6 Re7 25. Qxb6 axb6 26. Nxe4 Kf8 27. Nd6
Rxe1+ 28. Rxe1 Nf6 29. Nc4 Be6 30. Nxb6 Bxa2 31. c4 Rd2 32. Be4 Nxe4 33. Rxe4
Rb2 34. b5 Rc2 35. g4 Kg7 36. Kg2 h5 37. Kg3 hxg4 38. hxg4 Kf6 39. Nd5+ Kg7 40.
Nb6 Kf6 41. f3 Kg7 42. Kf4 Kf6 43. Nd5+ Kg7 44. Nb4 Rb2 45. Nxa2 Rxa2 46. Ke5
Rc2 47. Kd6 Rc3 48. f4 f5 49. gxf5 gxf5 50. Rd4 Kf6 51. Kc7 Ke6 52. Kxb7 Re3 53.
Kc6 Re4 54. Rd6+ Ke7 55. c5 Rxf4 56. b6 Rb4 57. Rd1 f4 58. b7 f3 59. Kc7 Rc4 60.
c6 f2 61. b8=Q Rd4 62. Rf1 1-0

[Event "Women's Speed Chess Q7"]
[Site "chess.com INT"]
[Date "2021.06.06"]
[Round "10"]
[White "Zaichenko, Daria"]
[Black "Komiagina, Maria"]
[Result "1-0"]
[WhiteTitle "WFM"]
[BlackTitle "WIM"]
[WhiteElo "2104"]
[BlackElo "2241"]
[WhiteFideId "4197453"]
[BlackFideId "4153987"]
[EventDate "2021.06.06"]

1. e4 g6 2. Nf3 Bg7 3. d4 d6 4. c4 Nf6 5. Nc3 O-O 6. Bd3 Nfd7 7. Be3 e5 8. d5
Kh8 9. Qc2 Nc5 10. Bxc5 dxc5 11. O-O-O a6 12. h3 Nd7 13. g4 Rb8 14. d6 c6 15.
Kb1 b5 16. Ne2 Qa5 17. Nd2 Nf6 18. g5 Nh5 19. cxb5 axb5 20. Qxc5 Ra8 21. a3 Bd7
22. Nb3 Qa6 23. Qc2 f6 24. Nc5 Qc8 25. Nxd7 Qxd7 26. f3 Rfc8 27. h4 c5 28. Nc3
c4 29. Be2 Nf4 30. Nd5 Nxd5 31. Rxd5 f5 32. exf5 gxf5 33. f4 e4 34. h5 Kg8 35.
h6 Bh8 36. g6 hxg6 37. h7+ Kf8 38. Rh6 Qf7 39. Rxb5 Rab8 40. Rxb8 Rxb8 41. Bxc4
Qg7 42. Rh2 Qd4 43. Bb3 Qg1+ 44. Ka2 Qd4 45. Qc4 Qxc4 46. Bxc4 Ke8 47. b4 Kd7
48. Rd2 Bg7 49. Bd5 Rh8 50. b5 Rxh7 51. Bc6+ Kd8 52. b6 Bc3 53. Rc2 Bd4 54. b7
Ba7 55. Rb2 Bb8 56. Re2 Rh3 57. a4 Rc3 58. Bb5 1-0

[Event "Women's Speed Chess Q7"]
[Site "chess.com INT"]
[Date "2021.06.06"]
[Round "10"]
[White "Ortez, Andrea"]
[Black "Torres Hernandez, Leslie Carolin"]
[Result "1/2-1/2"]
[WhiteTitle "WIM"]
[BlackTitle "WFM"]
[WhiteElo "1969"]
[BlackElo "1884"]
[WhiteFideId "6702392"]
[BlackFideId "8400504"]
[EventDate "2021.06.06"]

1. e4 c6 2. d4 d5 3. exd5 cxd5 4. c4 e6 5. Nc3 Nf6 6. Nf3 a6 7. a3 dxc4 8. Bxc4
b5 9. Ba2 Bb7 10. O-O Be7 11. Be3 O-O 12. Qe2 Nbd7 13. Rfd1 Qa5 14. Rac1 Rac8
15. Ne5 Bxa3 16. bxa3 Qxa3 17. Nb1 Qa5 18. Bb3 Nxe5 19. dxe5 Ne4 20. Bd4 Qd8 21.
f3 Ng5 22. Be3 Qe7 23. Rxc8 Rxc8 24. Qd2 h6 25. Bc2 Bxf3 26. Bxg5 hxg5 27. gxf3
Qc5+ 28. Kh1 Qxe5 29. Qd3 g6 30. Rg1 Qf4 31. Nd2 Rc5 32. Ne4 Rd5 33. Qe2 f5 34.
Ng3 Rd2 35. Qg2 Qh4 36. Qxd2 f4 37. Qd8+ Kg7 38. Ne4 Qh3 39. Qf6+ Kh7 40. Qxg5
Qxf3+ 41. Qg2 Qh5 42. Qxg6+ Qxg6 43. Rxg6 Kxg6 44. Nc5+ Kf6 45. Nxa6 Ke5 46. Nb4
Kd4 47. Kg2 Kc3 48. Bf5 exf5 49. Nd5+ Kd3 50. Nxf4+ Kc2 51. Ne2 Kd3 52. Nc1+ Ke4
53. Nb3 Kf4 54. Kf2 Kg4 55. Nd4 b4 56. Nb3 Kh3 57. Kf3 f4 58. Kxf4 Kxh2 59. Ke3
Kg2 60. Kd3 Kh3 61. Kc4 Kg2 62. Kxb4 1/2-1/2

[Event "Women's Speed Chess Q7"]
[Site "chess.com INT"]
[Date "2021.06.06"]
[Round "10"]
[White "Priyanka, K"]
[Black "Tarasova, Viktoriya"]
[Result "1-0"]
[WhiteTitle "WIM"]
[BlackTitle "WIM"]
[WhiteElo "2218"]
[BlackElo "2226"]
[WhiteFideId "5082986"]
[BlackFideId "4175840"]
[EventDate "2021.06.06"]

1. e4 c5 2. Nf3 d6 3. d4 cxd4 4. Nxd4 Nf6 5. Nc3 a6 6. Be2 e5 7. Nf3 Be7 8. Bg5
Be6 9. Bxf6 Bxf6 10. O-O O-O 11. Nd5 Be7 12. Bc4 Nd7 13. c3 Nc5 14. Re1 b5 15.
Bb3 Nxb3 16. Qxb3 Bg5 17. Rad1 f5 18. exf5 Rxf5 19. Nd4 exd4 20. Rxe6 Kh8 21.
Rxd4 Qf8 22. f3 Re8 23. Rde4 Rxe6 24. Rxe6 h6 25. Qd1 Re5 26. Rxe5 dxe5 27. Kf1
Qc5 28. Qd3 Kg8 29. g3 Qc4 30. Qxc4 bxc4 31. Ke2 Bc1 32. b3 cxb3 33. axb3 Bg5
34. Kd3 Bd8 35. Ke4 Kf7 36. Kxe5 g5 37. Ne3 Bf6+ 38. Kd5 Bxc3 39. Nc4 Be1 40. f4
gxf4 41. gxf4 Bf2 42. f5 Kf6 43. Ke4 Bg1 44. h3 h5 45. Nd2 Bb6 46. Nf3 Bc7 47.
Nd4 Bb6 48. Nc6 Bc7 49. Nb4 Bb6 50. Nc6 Bc7 51. Nb4 Bb6 52. Nd5+ Kf7 53. Nxb6
Kf6 54. Kf4 Kf7 55. Nd5 Kg7 56. Ke5 Kf7 57. f6 Kf8 58. Ke6 Ke8 59. f7+ Kf8 60.
Nc7 h4 61. Nxa6 Kg7 62. Ke7 Kg6 63. f8=Q Kg5 64. Qg8+ Kh5 65. Ke6 Kh6 66. Kf5
Kh5 67. Qh7# 1-0

[Event "Women's Speed Chess Q7"]
[Site "chess.com INT"]
[Date "2021.06.06"]
[Round "10"]
[White "Bommini, Mounika Akshaya"]
[Black "Babiy, Olga"]
[Result "0-1"]
[WhiteTitle "WFM"]
[BlackTitle "WGM"]
[WhiteElo "2029"]
[BlackElo "2280"]
[WhiteFideId "25019872"]
[BlackFideId "14117258"]
[EventDate "2021.06.06"]

1. e4 c6 2. d4 d5 3. e5 Bf5 4. Be3 e6 5. Nd2 Nd7 6. Ngf3 c5 7. c3 Qb6 8. Qb3 c4
9. Qxb6 axb6 10. a3 b5 11. Rc1 Nb6 12. Ra1 b4 13. cxb4 Bxb4 14. Be2 Be7 15. O-O
Na4 16. Ra2 b5 17. Rc1 Nb6 18. b3 Rxa3 19. Rxa3 Bxa3 20. Ra1 Be7 21. bxc4 Nxc4
22. Ra8+ Bd8 23. Nxc4 bxc4 24. Bd2 Ne7 25. Ba5 Kd7 26. Ra7+ Ke8 27. Ra8 Nc6 28.
Bxd8 Nxd8 29. Bd1 Ke7 30. Ra7+ Ke8 31. Ba4+ Kf8 32. Rd7 Ke8 33. Rxd5+ Ke7 34.
Rd7+ Ke8 35. Rc7+ Kf8 36. Nd2 g5 37. Rc8 Kg7 38. Nxc4 Be4 39. f3 Bb7 40. Rc7 Bd5
41. Nd6 Rf8 42. Kf2 Kg6 43. g4 f6 44. Re7 fxe5 45. Bc2+ Kf6 46. Rxh7 exd4 47.
Rh6+ Ke5 48. Ne4 Bc4 49. Rg6 d3 50. Rxg5+ Kd4 51. Bd1 Bd5 52. Rg7 Bxe4 53. Rd7+
Bd5 54. f4 Rxf4+ 55. Ke1 Rf8 56. Kd2 Nc6 57. Rh7 Ne5 58. g5 Nc4+ 59. Ke1 d2+ 60.
Ke2 Bf3+ 0-1

[Event "Women's Speed Chess Q7"]
[Site "chess.com INT"]
[Date "2021.06.06"]
[Round "10"]
[White "Potapova, Margarita"]
[Black "Bodnaruk, Anastasia"]
[Result "1-0"]
[WhiteTitle "WIM"]
[BlackTitle "IM"]
[WhiteElo "2260"]
[BlackElo "2446"]
[WhiteFideId "14126869"]
[BlackFideId "4181751"]
[EventDate "2021.06.06"]

1. e4 c5 2. Nf3 d6 3. d4 cxd4 4. Nxd4 Nf6 5. Nc3 a6 6. Be3 e5 7. Nb3 Be7 8. f3
O-O 9. Qd2 Be6 10. O-O-O a5 11. a4 Nc6 12. Kb1 Nb4 13. g4 Rc8 14. g5 Nh5 15. Rg1
d5 16. exd5 Bf5 17. Bd3 Nxd3 18. cxd3 Bb4 19. Rc1 Bxc3 20. Rxc3 Qxd5 21. Nc1
Rxc3 22. Qxc3 Rc8 23. Qd2 Qxf3 24. Re1 Qd5 25. Bb6 Be6 26. Qxa5 Qc6 27. Be3 b6
28. Qb4 Qc2+ 29. Ka1 Ra8 30. b3 b5 31. a5 Qc7 32. Bb6 Qxb6 33. Na2 Qxa5 34. Qxa5
Rxa5 35. Kb2 f6 36. gxf6 gxf6 37. Nb4 Ra8 38. Nc6 Kf7 39. d4 Bd5 40. Nb4 Rd8 41.
dxe5 Be6 42. exf6 Nxf6 43. Rf1 Ke7 44. Nc6+ Kd6 45. Nxd8 Ne4 46. Rd1+ Ke5 47.
Nxe6 Kxe6 48. Rd8 b4 49. Kc2 Kf5 50. Kd3 Nf6 51. Kc4 h5 52. Kxb4 Ng4 53. h3 Ne5
54. Kc3 h4 55. b4 Kf4 56. b5 Nf7 57. Rd1 Ke5 58. b6 Nd6 59. Kb4 Nb7 60. Kb5 Ke6
61. Kc6 Na5+ 62. Kc7 Kf5 63. b7 Nxb7 64. Kxb7 Kf4 65. Rd3 1-0

[Event "Women's Speed Chess Q7"]
[Site "chess.com INT"]
[Date "2021.06.06"]
[Round "10"]
[White "Zawadzka, Jolanta"]
[Black "Frayna, Janelle Mae"]
[Result "0-1"]
[WhiteTitle "WGM"]
[BlackTitle "WGM"]
[WhiteElo "2403"]
[BlackElo "2179"]
[WhiteFideId "1122320"]
[BlackFideId "5212499"]
[EventDate "2021.06.06"]

1. e3 Nf6 2. c4 c6 3. Nc3 d5 4. Nf3 Bg4 5. b3 e6 6. h3 Bh5 7. Bb2 Nbd7 8. Be2
Be7 9. O-O O-O 10. Rc1 a6 11. d3 b5 12. cxd5 cxd5 13. Nd4 Bxe2 14. Ncxe2 Rc8 15.
Nc6 Qe8 16. Ned4 Bc5 17. Qd2 e5 18. Nf3 Rxc6 19. b4 Bxb4 20. Qxb4 Rxc1 21. Rxc1
Qe6 22. Qc3 h6 23. Qc6 Re8 24. Qb7 e4 25. Nd4 Qe5 26. dxe4 Nxe4 27. Qxa6 Ndc5
28. Qxb5 Rb8 29. Rxc5 Nxc5 30. Qxc5 Rxb2 31. g3 Qe4 32. Qc8+ Kh7 33. Qf5+ Qxf5
34. Nxf5 Rxa2 35. Ne7 Ra5 36. Nc6 Rc5 37. Nd4 g6 38. Kg2 Kg7 39. Kf3 Kf6 40. Kf4
g5+ 41. Kf3 h5 42. h4 g4+ 43. Kf4 Rc4 44. f3 gxf3 45. Kxf3 Ra4 46. Kf4 Ra1 47.
Kf3 Rf1+ 48. Kg2 Re1 49. Kf3 Ra1 50. Ne2 Ra3 51. Nf4 d4 52. Nxh5+ Ke7 53. Nf4
Rxe3+ 54. Kf2 Re5 55. h5 Rg5 56. Kf3 Kd6 57. h6 Rg8 58. Ke4 Kc5 59. Nd3+ Kc4 60.
Ne5+ Kc3 61. Nf3 Rxg3 62. Kf4 Rh3 63. Kg4 Rxh6 64. Ne5 Re6 65. Nxf7 d3 66. Ng5
Re8 67. Nf3 d2 68. Kf4 d1=Q 0-1

[Event "Women's Speed Chess Q7"]
[Site "chess.com INT"]
[Date "2021.06.06"]
[Round "10"]
[White "Pandey, Srishti"]
[Black "Grigoryan, Meri"]
[Result "0-1"]
[WhiteTitle "WFM"]
[BlackTitle "WFM"]
[WhiteElo "2026"]
[BlackElo "2044"]
[WhiteFideId "35093290"]
[BlackFideId "13300571"]
[EventDate "2021.06.06"]

1. e4 c6 2. d4 d5 3. exd5 cxd5 4. c4 Nf6 5. Nc3 Nc6 6. Nf3 dxc4 7. Bxc4 e6 8.
O-O Bd6 9. Be3 O-O 10. Qe2 a6 11. Rad1 b5 12. Bb3 Bb7 13. Bg5 Be7 14. a3 Na5 15.
Ba2 Rc8 16. d5 Nxd5 17. Nxd5 Bxd5 18. Bxe7 Bxf3 19. Rxd8 Bxe2 20. Rxf8+ Rxf8 21.
Re1 Re8 22. Bb4 Bc4 23. Bb1 Nb3 24. Bc3 f6 25. f3 g6 26. f4 Kf7 27. Kf2 Rd8 28.
Ke3 Bd5 29. Bc2 Nc5 30. g3 Bb3 31. Bb1 Bc4 32. Bc2 Ke7 33. h4 Bd3 34. Bd1 Kf7
35. h5 Ne4 36. hxg6+ hxg6 37. Rh1 Kg7 38. g4 Ng3 39. Rg1 Ne4 40. Bd4 Kf7 41. Bf3
f5 42. gxf5 exf5 43. Be5 Bc2 44. Rh1 Rd3+ 45. Ke2 Ng3+ 46. Kf2 Nxh1+ 47. Bxh1
Rd2+ 48. Ke3 Rh2 49. Bd5+ Ke7 50. Bb7 Be4 51. Bxa6 Rh3+ 52. Kd4 Rd3+ 53. Kc5
Rd5+ 54. Kc6 Rxe5+ 55. Kb6 Rd5 56. Bxb5 Rxb5+ 57. Kxb5 Kd6 58. Kc4 Bc6 59. Kd4
Ba4 60. b4 Ke6 61. Kc5 g5 62. fxg5 f4 63. Kd4 Kf5 64. g6 Kxg6 65. Kd3 Kf5 66.
Ke2 Ke4 67. Kf2 f3 68. Ke1 Ke3 69. Kf1 f2 70. Kg2 Ke2 71. Kg3 f1=Q 72. b5 Qf3+
73. Kh4 Qxa3 74. b6 Qc5 75. b7 Qe7+ 76. Kh3 Qxb7 77. Kh2 Qg7 78. Kh1 Kf2 79. Kh2
Qg2# 0-1

[Event "Women's Speed Chess Q7"]
[Site "chess.com INT"]
[Date "2021.06.06"]
[Round "10"]
[White "Pham, Le Thao Nguyen"]
[Black "Dordzhieva, Dinara"]
[Result "1-0"]
[WhiteTitle "IM"]
[BlackTitle "WGM"]
[WhiteElo "2369"]
[BlackElo "2311"]
[WhiteFideId "12401226"]
[BlackFideId "24157570"]
[EventDate "2021.06.06"]

1. d4 Nf6 2. Nf3 e6 3. Bf4 d5 4. e3 c5 5. c3 Bd6 6. Bg3 Qc7 7. Nbd2 Nbd7 8. Bb5
a6 9. Bxd7+ Nxd7 10. e4 O-O 11. O-O Bxg3 12. hxg3 dxe4 13. Nxe4 b6 14. Qe2 Bb7
15. Rad1 Rad8 16. Rfe1 h6 17. Qe3 cxd4 18. Nxd4 Nc5 19. Nxc5 Qxc5 20. Nc2 Qc6
21. f3 Rfe8 22. a3 e5 23. Nb4 Qc7 24. Rxd8 Qxd8 25. Nd3 f6 26. Nf2 Qc7 27. Rd1
Rd8 28. Qe2 Rxd1+ 29. Qxd1 a5 30. g4 Qc4 31. Qd8+ Kh7 32. Qxb6 Qd5 33. Qe3 a4
34. Qe4+ Kg8 35. Qxd5+ Bxd5 36. Kf1 Kf7 37. Ke2 Ke6 38. Kd3 Kd6 39. c4 Bb7 40.
Kc3 Kc5 41. Nd3+ Kb6 42. Kb4 Bc6 43. Nc5 Kc7 44. Nxa4 e4 45. fxe4 Bxe4 46. g3
Bf3 47. Nc3 Bxg4 48. Kc5 Bf3 49. b4 h5 50. Kd4 g5 51. Ke3 Bg2 52. Kf2 Bb7 53. c5
h4 54. gxh4 gxh4 55. b5 h3 56. Kg3 Bg2 57. a4 f5 58. Ne2 Bf1 59. Nf4 Bc4 60.
Kxh3 Bb3 61. a5 Bc4 62. b6+ Kc6 63. Kh4 Ba6 64. Ne6 Bc4 65. Nd8+ Kxc5 66. b7 f4
67. b8=Q f3 68. Qe5+ Bd5 69. Kg3 Kc4 70. Kf2 Kc5 71. Ne6+ Kc4 72. Qd4+ Kb3 73.
Qxd5+ Kb2 74. a6 Ka3 75. a7 Kb2 76. a8=Q Kb1 77. Qab7+ Kc1 78. Qbc6+ Kb1 79.
Qdb5+ 1-0

[Event "Women's Speed Chess Q7"]
[Site "chess.com INT"]
[Date "2021.06.06"]
[Round "10"]
[White "Garifullina, Leya"]
[Black "Nandhidhaa, P V"]
[Result "1/2-1/2"]
[WhiteTitle "WGM"]
[BlackTitle "WGM"]
[WhiteElo "2399"]
[BlackElo "2365"]
[WhiteFideId "34127035"]
[BlackFideId "5050847"]
[EventDate "2021.06.06"]

1. e4 c5 2. Nf3 e6 3. d4 cxd4 4. Nxd4 a6 5. Bd3 Bc5 6. Nb3 Be7 7. Qg4 g6 8. Qe2
d6 9. O-O b6 10. a4 Bb7 11. Na3 Nd7 12. Nc4 Rc8 13. Be3 Ngf6 14. a5 b5 15. Nb6
Nxb6 16. Bxb6 Qd7 17. f4 O-O 18. Nd4 e5 19. Nb3 exf4 20. Rxf4 Qe6 21. Raf1 Nd7
22. Nd4 Qe5 23. Nb3 Nxb6 24. axb6 d5 25. exd5 Qxe2 26. Bxe2 Bxd5 27. Bf3 Bxb3
28. cxb3 Bc5+ 29. Kh1 Bxb6 30. Bd5 Rc7 31. h4 h6 32. Rg4 Kg7 33. Rgf4 Rd7 34.
Bc6 Rd4 35. Rxd4 Bxd4 36. Ra1 Bxb2 37. Rxa6 b4 38. Bd5 Bc3 39. Bc4 Be1 40. h5
gxh5 41. Kh2 h4 42. Ra7 Bg3+ 43. Kh3 Kg6 44. Ra6+ f6 45. Bd3+ Kg5 46. Ra5+ f5
47. Rb5 Be1 48. Rc5 Bd2 49. Rb5 Be1 50. Rd5 Kf4 51. Rc5 Bf2 52. Rb5 Be1 53. Bc2
Rg8 54. Rxf5+ Ke3 55. Rf3+ Kd2 56. Bf5 Rg3+ 57. Rxg3 hxg3 58. Be6 Bf2 59. Bd5
Kc3 60. Bc4 Kd4 61. Kg4 Ke3 62. Kh5 Kd2 63. Kxh6 Bd4 64. Kh5 Ke3 65. Kg4 Kf2 66.
Kh3 Bc3 67. Bd5 Bf6 68. Bc4 Be5 69. Bd5 Bd4 70. Kg4 Bc3 71. Kf5 Bd4 72. Bf3 Bc3
73. Ke4 Bd2 74. Kd5 Bc3 75. Kc4 Bd2 76. Kd3 Bc3 77. Kc2 Be1 78. Kd1 Bc3 79. Kc2
Be1 80. Kd3 Bc3 81. Bd5 Be1 82. Kc2 Bc3 83. Kd3 Be1 84. Kc2 Bc3 85. Kd3 1/2-1/2

[Event "Women's Speed Chess Q7"]
[Site "chess.com INT"]
[Date "2021.06.06"]
[Round "10"]
[White "Batsiashvili, Nino"]
[Black "Dong, Khanh Linh"]
[Result "1/2-1/2"]
[WhiteTitle "GM"]
[BlackTitle "WCM"]
[WhiteElo "2491"]
[BlackElo "1970"]
[WhiteFideId "13602993"]
[BlackFideId "12403040"]
[EventDate "2021.06.06"]

1. d4 Nf6 2. Nf3 e6 3. g3 c5 4. Bg2 Nc6 5. O-O d5 6. c4 dxc4 7. dxc5 Qxd1 8.
Rxd1 Bxc5 9. Nbd2 O-O 10. Nxc4 Nd5 11. Bf4 b5 12. Nce5 Nxe5 13. Bxe5 Bb7 14.
Rac1 Rac8 15. Nd2 Bb6 16. Ne4 Rxc1 17. Rxc1 f6 18. Bd6 Rd8 19. Bf4 Ba6 20. a3 b4
21. axb4 Nxb4 22. Bf3 e5 23. Bd2 Nd5 24. Nc3 Nxc3 25. Bxc3 Kf7 26. Kg2 Kg6 27.
h4 h5 28. Ra1 Bc4 29. Ra4 Bb3 30. Ra3 Bc2 31. Ba5 Bxa5 32. Rxa5 Rd7 33. Rc5 Bb1
34. g4 e4 35. gxh5+ Kh6 36. Bg4 Rd2 37. b4 Rb2 38. Ra5 Rxb4 39. Rxa7 e3 40. Bf3
f5 41. Ra8 Kh7 42. fxe3 Rxh4 43. Kg3 Rb4 44. Rf8 Be4 45. Kf2 Bc2 46. Kg3 Rb3 47.
Kf4 Rb4+ 48. Kg5 Rb5 49. Kf4 Rb4+ 50. Kg5 Rb5 51. h6 gxh6+ 52. Kf4 Kg7 53. Rc8
Rb4+ 54. Ke5 Bb1 55. Rc7+ Kg8 56. Kf6 Rb6+ 57. Ke5 Rb5+ 58. Kf4 Rb6 59. Rd7 Kh8
60. Kg3 Kg8 61. Kh4 Kh8 62. Kh5 Kg8 63. Re7 Kf8 64. Rh7 f4 65. Rh8+ Kg7 66. Rd8
Bg6+ 67. Kh4 fxe3 68. Rd7+ Kf6 69. Rd4 Bf5 70. Ra4 Kg6 71. Rd4 Re6 72. Bd5 Rd6
73. Rd1 Kf6 74. Bb3 Rxd1 75. Bxd1 Bg6 76. Kg3 Ke5 77. Kf3 Kd4 78. Kf4 Be4 79.
Ba4 Bg2 80. Bb5 Be4 81. Ba6 Bd5 82. Bb5 Bf7 83. Ba6 h5 84. Bb5 Be6 85. Kg5 Bg4
86. Kf4 Be6 87. Kg5 Bg4 88. Kf4 Kc5 89. Ba6 Kd4 90. Bb5 1/2-1/2

[Event "Women's Speed Chess Q7"]
[Site "chess.com INT"]
[Date "2021.06.06"]
[Round "11"]
[White "Mohota, Nisha"]
[Black "Von Herman, Brigitte"]
[Result "1-0"]
[WhiteTitle "IM"]
[BlackTitle "WFM"]
[WhiteElo "2195"]
[BlackElo "1991"]
[WhiteFideId "5004330"]
[BlackFideId "4628730"]
[EventDate "2021.06.06"]

1. b3 d5 2. Bb2 c6 3. e3 Nf6 4. f4 Bf5 5. Nf3 e6 6. Bd3 Nbd7 7. O-O Bd6 8. Nc3
O-O 9. Ne2 Ba3 10. Bxa3 Re8 11. Ng3 Bxd3 12. cxd3 Qa5 13. Bb2 c5 14. Ne5 Nf8 15.
Nh5 N6d7 1-0

[Event "Women's Speed Chess Q7"]
[Site "chess.com INT"]
[Date "2021.06.06"]
[Round "11"]
[White "Eswaran, Aksithi"]
[Black "Ortez, Andrea"]
[Result "0-1"]
[WhiteTitle "WCM"]
[BlackTitle "WIM"]
[WhiteElo "1745"]
[BlackElo "1969"]
[WhiteFideId "2083485"]
[BlackFideId "6702392"]
[EventDate "2021.06.06"]

1. e4 c5 2. Nf3 Nc6 3. d4 cxd4 4. Nxd4 g6 5. c4 Nf6 6. Nc3 Nxd4 7. Qxd4 d6 8.
Be2 Bg7 9. Be3 O-O 10. Qd2 a5 11. b3 Be6 12. f3 Nd7 13. O-O a4 14. Rac1 axb3 15.
axb3 Qa5 16. Nd5 Bxd5 17. exd5 Qxd2 18. Bxd2 Ra2 19. Rfd1 Nc5 20. Be3 Rxe2 21.
Bxc5 dxc5 22. Ra1 Rb2 0-1

[Event "Women's Speed Chess Q7"]
[Site "chess.com INT"]
[Date "2021.06.06"]
[Round "11"]
[White "Dordzhieva, Dinara"]
[Black "Dauletova, Gulmira"]
[Result "1-0"]
[WhiteTitle "WGM"]
[BlackTitle "WGM"]
[WhiteElo "2311"]
[BlackElo "2257"]
[WhiteFideId "24157570"]
[BlackFideId "13702971"]
[EventDate "2021.06.06"]

1. Nf3 d5 2. d4 Nf6 3. c4 e6 4. g3 dxc4 5. Bg2 a6 6. Ne5 Bb4+ 7. Nc3 Nd5 8. Bd2
Nb6 9. e3 N8d7 10. Qe2 Nxe5 11. dxe5 Qe7 12. Qg4 O-O 13. Be4 Rb8 14. Bc2 Bxc3
15. Bxc3 Nd5 16. Qxc4 b5 17. Qe4 Bb7 18. Qxh7# 1-0

[Event "Women's Speed Chess Q7"]
[Site "chess.com INT"]
[Date "2021.06.06"]
[Round "11"]
[White "Nandhidhaa, P V"]
[Black "Perez Rodriguez, Jennifer"]
[Result "1-0"]
[WhiteTitle "WGM"]
[BlackTitle "WIM"]
[WhiteElo "2365"]
[BlackElo "2251"]
[WhiteFideId "5050847"]
[BlackFideId "3507831"]
[EventDate "2021.06.06"]

1. e4 e5 2. Nc3 Nc6 3. g3 Nf6 4. Bg2 Bc5 5. h3 d6 6. d3 a6 7. Nge2 Be6 8. Bg5 h6
9. Be3 O-O 10. Qd2 Nd7 11. O-O-O f5 12. exf5 Bxf5 13. Kb1 Be6 14. f4 Bb4 15. a3
Ba5 16. fxe5 Ndxe5 17. Rhf1 Qe7 18. Nf4 Bd7 19. Nfd5 Qd8 20. Rxf8+ Qxf8 21. Rf1
Qe8 22. Bxh6 gxh6 23. Nf6+ 1-0

[Event "Women's Speed Chess Q7"]
[Site "chess.com INT"]
[Date "2021.06.06"]
[Round "11"]
[White "Buksa, Nataliya"]
[Black "Potapova, Margarita"]
[Result "1-0"]
[WhiteTitle "IM"]
[BlackTitle "WIM"]
[WhiteElo "2413"]
[BlackElo "2260"]
[WhiteFideId "14123622"]
[BlackFideId "14126869"]
[EventDate "2021.06.06"]

1. e4 c5 2. b3 b6 3. Bb2 Bb7 4. Nc3 Nc6 5. Nf3 e6 6. d4 cxd4 7. Nxd4 Nge7 8.
Ndb5 Nc8 9. Qg4 a6 10. Na3 h5 11. Qg3 h4 12. Qg4 Ne5 13. Qe2 Be7 14. f4 Nc6 15.
O-O-O O-O 16. Nc4 b5 17. Ne3 Nb6 18. g4 b4 19. Nb1 a5 20. Rg1 a4 21. Nf5 exf5
22. gxf5 f6 23. Rxg7+ Kxg7 24. Qg4+ Kh8 25. Qh5+ Kg7 26. Qg6+ Kh8 27. Qh6+ Kg8
28. Bc4+ Nxc4 29. Rg1+ Kf7 30. Qg6# 1-0

[Event "Women's Speed Chess Q7"]
[Site "chess.com INT"]
[Date "2021.06.06"]
[Round "11"]
[White "Torres Hernandez, Leslie Carolin"]
[Black "Vine, Elzbieta"]
[Result "1-0"]
[WhiteTitle "WFM"]
[BlackTitle "WFM"]
[WhiteElo "1884"]
[BlackElo "2138"]
[WhiteFideId "8400504"]
[BlackFideId "1119320"]
[EventDate "2021.06.06"]

1. e4 c5 2. Nf3 Nc6 3. Bb5 Nd4 4. Nxd4 cxd4 5. O-O Qb6 6. Bc4 e6 7. c3 Nf6 8.
Re1 Be7 9. d3 O-O 10. cxd4 Qxd4 11. Nc3 Bb4 12. Be3 Qd6 13. e5 Qxe5 14. d4 Qf5
15. Bd3 Qa5 16. a3 Bxc3 17. bxc3 Qxc3 18. Rc1 Qxa3 19. Bg5 d5 20. Bxf6 gxf6 21.
Re3 Qd6 22. Qh5 f5 23. Qh6 1-0